Mechanical and Thermal Behaviour of Metallic Materials

Gespeichert in:
Bibliographische Detailangaben
Format: Buch
Sprache:Englisch
Veröffentlicht: Amsterdam : North - Holland Company, 1982
Tags: Tag hinzufügen
Keine Tags, Fügen Sie das erste Tag hinzu!

MARC

LEADER 00000nam a22000003a 4500
001 stu39124
005 20150408175756.3
008 921217s1982----ne------------------eng-d
040 |a STU  |b slo 
041 0 |a eng 
044 |a ne 
245 |a Mechanical and Thermal Behaviour of Metallic Materials 
260 |a Amsterdam :  |b North - Holland Company,  |c 1982 
300 |a 495 s 
996 |b 284M062494  |c M*7040-1  |l MMKN  |s A  |a 24  |w stu39124_0001